000 00323nam a22001337a 4500
008 171030b xxu||||| |||| 00| 0 eng d
020 _a9780130265050
041 _aeng
080 _23RD
_a336
100 _a57
101 _aFIN
245 _aTAKEOVERS, RESTRUCTURING, & CORPORATE GOVERNANCE
_cWESTON,J,F
942 _2udc
_cBK
999 _c36431
_d36431